Electrical engineering / (Record no. 181126)

000 -LEADER
fixed length control field 00959 a2200205 4500
003 - CONTROL NUMBER IDENTIFIER
control field Nust
005 - DATE AND TIME OF LATEST TRANSACTION
control field 20221118082103.0
010 ## - LIBRARY OF CONGRESS CONTROL NUMBER
LC control number 2005323472
020 ## - INTERNATIONAL STANDARD BOOK NUMBER
International Standard Book Number 8188230529
040 ## - CATALOGING SOURCE
Transcribing agency Nust
082 ## - DEWEY DECIMAL CLASSIFICATION NUMBER
Classification number 621.38,MIS
100 0# - MAIN ENTRY--PERSONAL NAME
Personal name Misra, Ranjana
9 (RLIN) 102992
245 10 - TITLE STATEMENT
Title Electrical engineering /
Statement of responsibility, etc. Ranjana Misra
260 ## - PUBLICATION, DISTRIBUTION, ETC.
Place of publication, distribution, etc. New Delhi
Name of publisher, distributor, etc. APH
Date of publication, distribution, etc. 2005.
300 ## - PHYSICAL DESCRIPTION
Extent 310 p. ;
Dimensions cm.
505 ## - FORMATTED CONTENTS NOTE
Formatted contents note Electrostatics (Page-1), Magnetostatics (Page-15), Basic Laws (Page-36), Theory of Linear Passive Networks (Page-54), Network Parameters (Page-76), Phasor Representation of Siuoidal Complex Impedances (Page-105), Resonance (Page-123), Balanced Three Phase Circuits (Page-148), Magnetic Fields (Page-183), Magnetic Circuit (Page-202), Generator (Page-235), Trasformers (Page-256), Induction and Synchronous Motors (Page-274), Shunt and Compound Motors (Page-293).
650 #0 - SUBJECT ADDED ENTRY--TOPICAL TERM
Topical term or geographic name entry element Electrical engineering
700 1# - ADDED ENTRY--PERSONAL NAME
Personal name MiⳲa, Sureⳡcandra.
9 (RLIN) 102993
942 ## - ADDED ENTRY ELEMENTS (KOHA)
Source of classification or shelving scheme
Koha item type Book
Holdings
Withdrawn status Lost status Source of classification or shelving scheme Damaged status Not for loan Permanent Location Current Location Shelving location Date acquired Full call number Barcode Date last seen Price effective from Koha item type Public note
          Military College of Signals (MCS) Military College of Signals (MCS) General Stacks 12/12/2016 621.38,MIS MCS27301 12/08/2016 12/12/2016 Book Almirah No.30, Shelf No.5
© 2023 Central Library, National University of Sciences and Technology. All Rights Reserved.